[Event "RUS-chT Regions"]
[Site "Tula"]
[Date "2009.11.??"]
[Round "4"]
[White "Bogacheva, Anna"]
[Black "Danilova, Irina"]
[Result "1/2-1/2"]
[WhiteElo "2025"]
[BlackElo "2123"]
[PlyCount "94"]
[EventDate "2009.11.??"]
[EventType "team-tourn"]
[EventRounds "9"]
[EventCountry "RUS"]
[SourceTitle "EXT 2011"]
[Source "ChessBase"]
[SourceDate "2010.11.26"]
[SourceVersion "1"]
[SourceVersionDate "2010.11.26"]
[SourceQuality "1"]

1. e4 c5 2. g3 Nc6 3. Bg2 g6 4. Ne2 Bg7 5. 0-0 d6 6. Nbc3 e5 7. Nd5 Nf6 8. Nec3 0-0 9. d3 Nxd5 10. Nxd5 Be6 11. Be3 Bxd5 12. exd5 Ne7 13. c3 Nf5 14. Bd2 Rc8 15. Qa4 a6 16. Rfb1 Qc7 17. b4 c4 18. b5 cxd3 19. Be4 Ne7 20. bxa6 Ra8 21. Rb4 Rxa6 22. Qb3 Rb8 23. Bxd3 Ra5 24. Bc4 Nf5 25. a4 Bh6 26. Bxh6 Nxh6 27. Bb5 Rc8 28. Rc1 Ra7 29. Bd3 Kg7 30. Qb2 Ng8 31. Rc4 Qd7 32. Rxc8 Qxc8 33. Qb6 Rxa4 34. Qxd6 e4 35. Bb5 Ra2 36. Qe5+ Nf6 37. d6 Ra5 38. c4 b6 39. Qb2 Qd8 40. Rd1 Kf8 41. Qe5 Ra7 42. Rd4 Kg8 43. d7 Nxd7 44. Qd6 Qf6 45. Bxd7 Ra1+ 46. Kg2 Qf3+ 47. Kh3 Qh5+ 1/2-1/2

[Event "RUS-chT Regions"]
[Site "Tula"]
[Date "2009.11.??"]
[Round "3"]
[White "Danilova, Irina"]
[Black "Semenova, Elena"]
[Result "0-1"]
[WhiteElo "2123"]
[BlackElo "2115"]
[PlyCount "100"]
[EventDate "2009.11.??"]
[EventType "team-tourn"]
[EventRounds "9"]
[EventCountry "RUS"]
[SourceTitle "EXT 2011"]
[Source "ChessBase"]
[SourceDate "2010.11.26"]
[SourceVersion "1"]
[SourceVersionDate "2010.11.26"]
[SourceQuality "1"]

1. e4 e5 2. Nf3 Nc6 3. Bb5 a6 4. Ba4 Nf6 5. 0-0 Be7 6. Re1 b5 7. Bb3 d6 8. c3 0-0 9. d4 Bg4 10. d5 Na5 11. Bc2 c6 12. h3 Bc8 13. dxc6 Qc7 14. Bg5 Qxc6 15. Nbd2 Be6 16. Nf1 Nc4 17. Rb1 Rab8 18. Bb3 a5 19. Ne3 Rb7 20. a3 Nxe4 21. Bxe7 Rxe7 22. Nxc4 bxc4 23. Ba4 Qb7 24. Bc2 f5 25. Bxe4 fxe4 26. Ng5 Bf5 27. Qxd6 h6 28. g4 e3 29. gxf5 exf2+ 30. Kxf2 Rxf5+ 31. Ke3 Qa7+ 32. Ke4 Rf4+ 33. Kd5 Qb7+ 34. Qc6 Rd7+ 35. Kc5 Rc7 36. Qxc7 Qxc7+ 37. Kd5 hxg5 38. Rxe5 Qd7+ 39. Kc5 Rf6 40. Kxc4 Qa4+ 41. b4 Rf4+ 42. Kd3 Qd7+ 43. Kc2 Rf2+ 44. Kb3 a4+ 45. Kc4 Qc7+ 46. Rc5 Rf4+ 47. Kb5 Qd7+ 48. Kb6 Rf6+ 49. Ka5 Qa7+ 50. Kb5 Qa6# 0-1